LEADER 01137cam0-22003611i-450- 001 990003113710403321 005 20050204114806.0 010 $a0-333-36272-1 035 $a000311371 035 $aFED01000311371 035 $a(Aleph)000311371FED01 035 $a000311371 100 $a20030910d1988----km-y0itay50------ba 101 0 $aeng 102 $aGB 105 $ay-------001yy 200 1 $aKeynes, the treasury and British economic policy$fprepared for the Economic History Society by G. C. Peden 210 $aBasingstoke$cMacmillan$d1988 215 $a71 p.$d21 cm 225 1 $aStudies in economic and social history$fedited for Economic History Society by L.A.Clarkson 610 0 $aGran Bretagna$aPolitica economica$aStoria 610 0 $aKeynes, John Maynard 676 $a337.41 700 1$aPeden,$bGeorge C.$0119471 801 0$aIT$bUNINA$gRICA$2UNIMARC 901 $aBK 912 $a990003113710403321 952 $aBUSTA 20 (26) 12$b7367*$fFGBC 952 $aA/71 STU$b6698$fSES 959 $aSES 959 $aFGBC 996 $aKeynes, the treasury and British economic policy$9461199 997 $aUNINA LEADER 00928nam a2200289 i 4500 001 991001074339707536 005 20020507110156.0 008 940308s1962 us ||| | eng 035 $ab10169994-39ule_inst 035 $aLE00641707$9ExL 040 $aDip.to Fisica$bita 084 $a510(022:076) 084 $a510.15 084 $a512.943 084 $aQA263 100 1 $aAyres, Frank$0110 245 10$aMatrices :$bincluding 340 solved problems /$cby F. Ayres, Jr 260 $aNew York :$bMcGraw-Hill Book Co.,$c1962 300 $a219 p. ;$c27 cm. 490 0 $aSchaum's outline series 650 4$aMatrices 907 $a.b10169994$b17-02-17$c27-06-02 912 $a991001074339707536 945 $aLE006 510(022+076) SCH$g1$i2006000019255$lle006$o-$pE0.00$q-$rl$s- $t0$u3$v3$w3$x0$y.i10207491$z27-06-02 996 $aMatrices$928081 997 $aUNISALENTO 998 $ale006$b01-01-94$cm$da $e-$feng$gus $h0$i1 LEADER 01197nam0 22003373i 450 001 CFI0179154 005 20251003044130.0 010 $a8814023352 100 $a20130827d1990 ||||0itac50 ba 101 | $aita 102 $ait 181 1$6z01$ai $bxxxe 182 1$6z01$an 200 1 $aˆLe ‰tasse di concessione comunale$fSilla di Ciaccia 210 $aMilano$cA. Giuffrè$dstampa 1990 215 $aXIII, 461 p.$d23 cm. 225 | $aFinanza locale 410 0$1001CFI0166794$12001 $aFinanza locale 606 $aTasse sulle concessioni comunali$2FIR$3SBLC134107$9I 676 $a343.05$9DIRITTO RELATIVO A SPECIFICI TIPI D'IMPOSTA.$v12 676 $a343.4505$9$v21 676 $a343.45055$9IMPOSTE INDIRETTE. ITALIA$v21 700 1$aDi Ciaccia$b, Silla$3CFIV065450$4070$0411025 801 3$aIT$bIT-000000$c20130827 850 $aIT-BN0095 901 $bNAP 01$cD $n$ 912 $aCFI0179154 950 0$aBiblioteca Centralizzata di Ateneo$c1 v.$d 01D (AR) 8 602$e 01AR 0070086025 VMA 1 v.$fY $h20151019$i20151019 977 $a 01 996 $aTasse di concessione comunale$962665 997 $aUNISANNIO